000 00590nam a2200217 a 4500
001 0001-2090
003 ELIB.Books
008 190723 2010 eng
020 _a13: 9780743265041
092 _a268.433
_bCov
100 _aCovey, Sean.
245 _aThe 6 Most Important Decisions You'll Ever Make
260 _aSimon & Schuster
_bA Fireside Book
_c2006
300 _a324
_c20.5cm
650 _aChristian Education
856 _nKBTS Library
_uKBTS Elib
942 _2ddc
_cBK
990 _a2
998 _aEnglishbooks.elf
_ccat
_e2019-07-23
999 _c12090
_d12090